Word Ladder: Prometheus Plot Spoiler Quiz Stats

 Plays Quiz Updated Nov 17, 2014

Challenge
Share
Tweet
Embed
Score 0/31 Timer 03:00
0 Plays Today
HINT 4-LETTER WORD % Correct
☣ ____ STOP BELIEVING ☣☣ DON'T ☣
98.2%
School subjectMATH
88.5%
☣ THEATRICAL PERFORMANCE ☣☣ PLAY ☣
88%
Car dingDENT
87.1%
Boxer Cassius ____CLAY
86.5%
Garden lanePATH
79.1%
RoosterCOCK
79.1%
Chip's animated partnerDALE
78.5%
____-Out, correction fluidWITE
78.5%
StumbledFELL
77%
____ The KnifeMACK
77%
☣ LIFE ____ FATHER ☣☣ WITH ☣
75.4%
The Farmer In The ____DELL
75.2%
OFF! ingredientDEET
74.1%
Speed Racer's ____ FiveMACH
73.4%
Make sport ofMOCK
72.3%
HINT 4-LETTER WORD % Correct
Type of helmetPITH
70.2%
Miller's weak brewLITE
70.1%
Actress Amanda ____PEET
70%
Scotch distillery mossPEAT
69.3%
City planning mapPLAT
68.4%
Kind of mountain sheepDALL
66.4%
☣ MORAYS OR LAMPREYS ☣☣ EELS ☣
64.2%
Sicken with sweetnessCLOY
63.5%
CoagulateCLOT
61.7%
Hawaiian explorerCOOK
61%
Matthews, Brubeck, or SteffenDAVE
58.4%
____ NapthaFELS
56.8%
Execute a Triple LindyDIVE
54.6%
☣ ____ AT LEEDS ☣☣ LIVE ☣
53.7%
Pond dabblerCOOT
50%

Today's Daily Dose

You're not logged in!

Compare scores with friends on all Sporcle quizzes.
OR
Log In

You Might Also Like...

Show Comments

Extras

Top Quizzes Today


Score Distribution

Your Account Isn't Verified!

In order to create a playlist on Sporcle, you need to verify the email address you used during registration. Go to your Sporcle Settings to finish the process.

Report this User

Report this user for behavior that violates our Community Guidelines.

Details: